[Event "4NCL Online Division 5"]
[Site "online"]
[Date "2020.04.14"]
[Round "2.21"]
[White "Valentine, Tim"]
[Black "Shah, Kian"]
[Result "0-1"]
[WhiteElo "1712"]
[BlackElo "1735"]
[PlyCount "46"]
[EventDate "2020.04.14"]
[WhiteTeam "Battersea Pawnbreakers"]
[BlackTeam "Chess Warriors"]

1. e4 c5 2. Nf3 d6 3. d4 cxd4 4. Nxd4 Nf6 5. Nc3 g6 6. Be3 Bg7 7. f3 O-O 8. Qd2
Nc6 9. O-O-O Bd7 10. g4 Rc8 11. Kb1 Ne5 12. h4 Nc4 13. Bxc4 Rxc4 14. h5 Qa5 15.
Nd5 Qxd2 16. Nxe7+ Kh8 17. Rxd2 Re8 18. hxg6 Rxe7 19. g5 Nxe4 20. fxe4 Rxe4 21.
gxf7 Rxe3 22. Rdh2 Rh3 23. Re2 Rxh1+ 0-1

[Event "4NCL Online Division 5"]
[Site "online"]
[Date "2020.04.14"]
[Round "2.22"]
[White "Gurjar, Roshan"]
[Black "Hunt, Arnold"]
[Result "1-0"]
[WhiteElo "1712"]
[BlackElo "1562"]
[PlyCount "47"]
[EventDate "2020.04.14"]
[WhiteTeam "Chess Warriors"]
[BlackTeam "Battersea Pawnbreakers"]

1. e4 c5 2. Nf3 d6 3. d4 cxd4 4. Nxd4 Nf6 5. Nc3 a6 6. f3 e5 7. Nb3 Be6 8. Be3
Nbd7 9. Qd2 Rc8 10. f4 exf4 11. Bxf4 Ne5 12. O-O-O Be7 13. Kb1 O-O 14. Nd4 Bg4
15. Be2 Bxe2 16. Qxe2 Qa5 17. Nf5 Qc7 18. Rhf1 Rfe8 19. Bxe5 dxe5 20. Rd3 Bb4
21. Rg3 Bf8 22. Nh6+ Kh8 23. Rxf6 gxh6 24. Qg4 1-0

[Event "4NCL Online Division 5"]
[Site "online"]
[Date "2020.04.14"]
[Round "2.23"]
[White "Krovvidi, Raja"]
[Black "Lindquist, James"]
[Result "0-1"]
[WhiteElo "1495"]
[BlackElo "1585"]
[PlyCount "62"]
[EventDate "2020.04.14"]
[WhiteTeam "Battersea Pawnbreakers"]
[BlackTeam "Chess Warriors"]

1. e4 c6 2. Nc3 d5 3. d3 e5 4. Nf3 Nf6 5. exd5 cxd5 6. Nxe5 d4 7. Ne2 Qa5+ 8.
c3 Qxe5 9. cxd4 Bb4+ 10. Bd2 Bxd2+ 11. Qxd2 Qe7 12. f3 Nc6 13. Kf2 O-O 14. h4
Be6 15. h5 h6 16. g4 Rfd8 17. g5 hxg5 18. Qxg5 Ne4+ 19. dxe4 Qxg5 20. d5 Nb4
21. f4 Nd3+ 22. Ke3 Nxf4 23. dxe6 Nxe2+ 24. Kxe2 Rd2+ 25. Kf3 fxe6 26. Bh3 Rf8+
27. Bf5 exf5 28. e5 Qg2+ 29. Ke3 Qe2+ 30. Kf4 Qe4+ 31. Kg5 Qg4# 0-1

[Event "4NCL Online Division 5"]
[Site "online"]
[Date "2020.04.14"]
[Round "2.24"]
[White "Gurjar, Siena"]
[Black "Blackwell, David"]
[Result "1-0"]
[WhiteElo "1382"]
[BlackElo "1307"]
[PlyCount "107"]
[EventDate "2020.04.14"]
[WhiteTeam "Chess Warriors"]
[BlackTeam "Battersea Pawnbreakers"]

1. e4 c5 2. Nf3 d6 3. d4 cxd4 4. Nxd4 Nf6 5. Nc3 a6 6. f4 Nbd7 7. e5 dxe5 8.
fxe5 Nxe5 9. Bf4 Bg4 10. Qd2 Ng6 11. Bg3 e5 12. Nf3 Qxd2+ 13. Kxd2 Bb4 14. Nxe5
Bxc3+ 15. Kxc3 Ne4+ 16. Kd3 Nxg3 17. Nxg6 Bf5+ 18. Ke3 Bxg6 19. hxg3 Bxc2 20.
Rc1 Bg6 21. Be2 O-O 22. Kf2 Rfe8 23. Rhe1 h6 24. Rc7 b5 25. Bf3 Rad8 26. Rxe8+
Rxe8 27. Ra7 Re6 28. Bb7 Be4 29. Bxa6 Rf6+ 30. Kg1 Rg6 31. Re7 f5 32. Bxb5 Rxg3
33. Bc4+ Kf8 34. Rf7+ Ke8 35. b4 Rxg2+ 36. Kf1 Rg3 37. b5 Bd3+ 38. Bxd3 Rxd3
39. Rxg7 Rf3+ 40. Ke2 Ra3 41. Rg8+ Kf7 42. Rd8 Rxa2+ 43. Rd2 Ra8 44. b6 Rb8 45.
Rb2 Rb7 46. Kd3 Ke7 47. Kc4 Kd6 48. Kb5 f4 49. Ka6 Kc6 50. Rc2+ Kd6 51. Kxb7 f3
52. Kc8 h5 53. b7 f2 54. b8=Q+ 1-0

[Event "4NCL Online Division 5"]
[Site "online"]
[Date "2020.04.14"]
[Round "2.31"]
[White "McElvenny, Damien"]
[Black "Dicen, Elis Denele"]
[Result "1/2-1/2"]
[WhiteElo "1773"]
[BlackElo "1697"]
[PlyCount "94"]
[EventDate "2020.04.14"]
[WhiteTeam "Bolton & Worsley"]
[BlackTeam "Warwickshire Bears B"]

1. e4 e6 2. d4 d5 3. exd5 exd5 4. Nf3 Bd6 5. h3 Nf6 6. Bd3 Be6 7. O-O O-O 8.
Bg5 Nbd7 9. Nbd2 c6 10. c3 Qc7 11. Qc2 h6 12. Be3 Rfe8 13. Rfe1 Rad8 14. b4 a6
15. a4 b5 16. a5 Nh5 17. Bf5 Nf4 18. Bxe6 Nxe6 19. Qf5 Bf4 20. Re2 Bxe3 21.
Rxe3 Qf4 22. Qxf4 Nxf4 23. Rae1 Rxe3 24. Rxe3 Ne6 25. Ne5 Nxe5 26. Rxe5 Rd6 27.
g3 f6 28. Re3 Kf7 29. Kg2 Ng5 30. h4 Ne6 31. f4 g6 32. Kf3 Ng7 33. Nb3 Ne6 34.
g4 f5 35. gxf5 gxf5 36. Re2 Rd8 37. Rg2 Rg8 38. Rxg8 Kxg8 39. Nc1 Kf7 40. Nd3
Ke7 41. Ne5 Nd8 42. Ng6+ Kf6 43. Ne5 Ke6 44. Nd3 Nb7 45. Ne5 Nd8 46. Nd3 Nb7
47. Ne5 Nd8 1/2-1/2

[Event "4NCL Online Division 5"]
[Site "online"]
[Date "2020.04.14"]
[Round "2.32"]
[White "Fellowes, Billy"]
[Black "Doherty, Paul"]
[Result "1-0"]
[WhiteElo "1555"]
[BlackElo "1738"]
[PlyCount "75"]
[EventDate "2020.04.14"]
[WhiteTeam "Warwickshire Bears B"]
[BlackTeam "Bolton & Worsley"]

1. d4 e6 2. Bf4 f5 3. Nf3 Nf6 4. Nc3 Bb4 5. a3 Bxc3+ 6. bxc3 O-O 7. e3 Ne4 8.
c4 c6 9. Bd3 Qa5+ 10. Nd2 d5 11. Bxe4 fxe4 12. O-O Nd7 13. cxd5 exd5 14. f3 Nf6
15. fxe4 Nxe4 16. Nxe4 dxe4 17. Qe2 b6 18. Bd6 Ba6 19. Rxf8+ Rxf8 20. Qg4 Qc3
21. Rd1 Qxc2 22. Bxf8 Kxf8 23. h3 Be2 24. Qc8+ Ke7 25. Qc7+ Ke6 26. Qe5+ Kf7
27. Qf5+ Ke7 28. Re1 Qd2 29. Qxe4+ Kd7 30. Qf5+ Ke7 31. Qf2 Qa5 32. Rxe2 Qxa3
33. Qh4+ Kf7 34. Rf2+ Kg6 35. g4 h6 36. Qh5+ Kh7 37. Qf5+ Kh8 38. Qf8+ 1-0

[Event "4NCL Online Division 5"]
[Site "online"]
[Date "2020.04.14"]
[Round "2.33"]
[White "Lamb, Ian"]
[Black "Agrawal, Ansh"]
[Result "1-0"]
[WhiteElo "1568"]
[BlackElo "1472"]
[PlyCount "45"]
[EventDate "2020.04.14"]
[WhiteTeam "Bolton & Worsley"]
[BlackTeam "Warwickshire Bears B"]

1. d4 d5 2. c4 c6 3. cxd5 cxd5 4. Bf4 Nc6 5. Nf3 Bf5 6. Qb3 Qd7 7. e3 Nf6 8.
Nc3 e6 9. Ne5 Nxe5 10. dxe5 a6 11. exf6 gxf6 12. Na4 Qc6 13. e4 b5 14. exf5
bxa4 15. Qc3 Qb7 16. Qxf6 Rg8 17. fxe6 Qb4+ 18. Kd1 Ra7 19. Rc1 Qb7 20. exf7+
Qxf7 21. Rc8+ Kd7 22. Qxf7+ Kxc8 23. Qxg8 1-0

[Event "4NCL Online Division 5"]
[Site "online"]
[Date "2020.04.14"]
[Round "2.34"]
[White "Busznyak, Arpad"]
[Black "Amir, Zain"]
[Result "1-0"]
[WhiteElo "1570"]
[BlackElo "1390"]
[PlyCount "113"]
[EventDate "2020.04.14"]
[WhiteTeam "Warwickshire Bears B"]
[BlackTeam "Bolton & Worsley"]

1. d4 d5 2. Bf4 Nc6 3. e3 a6 4. Nf3 Bg4 5. Be2 Nf6 6. h3 Bh5 7. Nbd2 e6 8. O-O
Bd6 9. Bxd6 cxd6 10. c3 O-O 11. Rc1 e5 12. Ne1 Bxe2 13. Qxe2 Qb6 14. Nb3 Rfe8
15. Nf3 Na5 16. Nxa5 Qxa5 17. a3 Rac8 18. Nh4 Qd8 19. Nf3 Qd7 20. Nd2 Qe6 21.
Rfd1 Rc7 22. Rc2 Rec8 23. Nf3 h6 24. Rdc1 Rc6 25. b3 b5 26. b4 Ne4 27. Qd3 Rc4
28. Nd2 Nxd2 29. Rxd2 Rd8 30. Ra2 Rc6 31. a4 bxa4 32. Rxa4 Ra8 33. b5 Rc4 34.
Rca1 Rxa4 35. Rxa4 a5 36. Qc2 Qd7 37. Qb3 Qb7 38. Ra1 Kf8 39. c4 dxc4 40. Qxc4
Rc8 41. Qa4 Ra8 42. Rb1 Qb6 43. dxe5 dxe5 44. Qe4 Qb8 45. Qc6 a4 46. b6 a3 47.
b7 a2 48. Ra1 Ra5 49. Qc8+ Qxc8 50. bxc8=Q+ Ke7 51. Qc7+ Kf6 52. Qxa5 Kg6 53.
Qxe5 f6 54. Qg3+ Kf7 55. Rxa2 Kg8 56. Ra7 Kh7 57. Qxg7# {Wrong colour} 1-0

[Event "4NCL Online Division 5"]
[Site "online"]
[Date "2020.04.14"]
[Round "2.41"]
[White "Yogit, S."]
[Black "Bensoussane, Riyad"]
[Result "1/2-1/2"]
[WhiteElo "2084"]
[BlackElo "1720"]
[PlyCount "152"]
[EventDate "2020.04.14"]
[WhiteTeam "Uxbridge Knights"]
[BlackTeam "Temple Sutton"]

1. e4 c5 2. Nf3 d6 3. d4 cxd4 4. Nxd4 Nf6 5. Nc3 a6 6. Be2 e6 7. O-O Be7 8. Be3
b5 9. Bf3 e5 10. Nf5 O-O 11. Bg5 Bxf5 12. exf5 Ra7 13. Bxf6 Bxf6 14. Bd5 Nd7
15. a4 b4 16. Ne4 Nc5 17. Qf3 Nxe4 18. Qxe4 Qa5 19. b3 Rc7 20. Rfe1 Rd8 21.
Rad1 Qc5 22. Re2 a5 23. h4 Ra7 24. g3 Qc7 25. Bc4 Rb7 26. Bd5 Ra7 27. Bc4 Rb7
28. Rd5 Ra7 29. Red2 Qe7 30. Qe3 Qc7 31. Rxd6 Rxd6 32. Rxd6 Ra8 33. Qd3 Rd8 34.
Rd5 Rxd5 35. Qxd5 h6 36. Kg2 Kf8 37. Kf3 Kg8 38. Ke2 Kf8 39. Kf3 Kg8 40. Kg2
Kf8 41. Kh3 Kg8 42. f3 Kf8 43. Kg2 Kg8 44. Kf1 Kf8 45. Ke2 Kg8 46. Qa8+ Bd8 47.
Kd3 Qd7+ 48. Qd5 Qxd5+ 49. Bxd5 Kf8 50. Kc4 f6 51. Kc5 Ke7 52. Kc6 Ke8 53. Bc4
Ke7 54. Bb5 Kf8 55. g4 Ke7 56. Bc4 Kf8 57. Kd7 Bb6 58. Ke6 Bd8 59. Bd3 Bb6 60.
g5 hxg5 61. hxg5 fxg5 62. Kxe5 Be3 63. Kd5 Bb6 64. Kc6 Bd8 65. Be4 Ke7 66. Kc5
Kf6 67. Kc4 Ke5 68. Kd3 Kd6 69. Kd4 Bf6+ 70. Kc4 Kd7 71. Bb7 Kd6 72. Be4 Kd7
73. Kb5 Bd8 74. Bd3 Kd6 75. Kc4 Bf6 76. Be4 Kd7 1/2-1/2

[Event "4NCL Online Division 5"]
[Site "online"]
[Date "2020.04.14"]
[Round "2.42"]
[White "Modhura, Urbi"]
[Black "Knight, Daniel"]
[Result "1-0"]
[WhiteElo "1682"]
[BlackElo "1697"]
[PlyCount "125"]
[EventDate "2020.04.14"]
[WhiteTeam "Temple Sutton"]
[BlackTeam "Uxbridge Knights"]

1. e4 d5 2. exd5 Nf6 3. d4 Nxd5 4. c4 Nb6 5. Be3 Bf5 6. Nc3 e6 7. Bd3 Bxd3 8.
Qxd3 Nc6 9. Rd1 Be7 10. Nf3 Bf6 11. O-O O-O 12. Rfe1 Qd7 13. Ne4 Qe7 14. a3
Rad8 15. Nxf6+ Qxf6 16. Bg5 Qg6 17. Qxg6 hxg6 18. Bxd8 Rxd8 19. c5 Nc4 20. Re2
Ne7 21. Rc2 Na5 22. b4 Nac6 23. Rcd2 Nd5 24. Re1 a6 25. h3 Na7 26. a4 Nxb4 27.
Rb1 a5 28. Ne5 Kf8 29. Nc4 Nbc6 30. Rxb7 Rd7 31. Nxa5 Nxa5 32. Rxa7 Nb3 33. Rb2
Nxd4 34. Rbb7 Ne2+ 35. Kh2 Nc3 36. a5 Nd5 37. a6 Rd8 38. Rb3 Ke7 39. Rab7 Ra8
40. Ra3 Kd7 41. a7 Ne7 42. Rb8 Rxa7 43. Rxa7 Nc6 44. Rab7 Nxb8 45. Rxb8 Kc6 46.
Rf8 f6 47. Rf7 e5 48. Rxg7 f5 49. Rxg6+ Kxc5 50. Rf6 f4 51. g3 fxg3+ 52. Kxg3
Kd4 53. h4 c5 54. Rd6+ Ke4 55. h5 c4 56. h6 c3 57. h7 c2 58. Rc6 Kd3 59. h8=Q
e4 60. Qd8+ Ke2 61. Rxc2+ Ke1 62. Qd2+ Kf1 63. Qd1# 1-0

[Event "4NCL Online Division 5"]
[Site "online"]
[Date "2020.04.14"]
[Round "2.43"]
[White "Foale, Ron"]
[Black "Audhora, Purba"]
[Result "0-1"]
[WhiteElo "1532"]
[BlackElo "1577"]
[PlyCount "68"]
[EventDate "2020.04.14"]
[WhiteTeam "Uxbridge Knights"]
[BlackTeam "Temple Sutton"]

1. e4 e5 2. Nf3 Nc6 3. d4 exd4 4. Nxd4 Nf6 5. Nxc6 bxc6 6. Bd3 Bc5 7. Bg5 d6 8.
O-O O-O 9. Nd2 h6 10. Bh4 Qe7 11. Kh1 Qe5 12. c3 Ng4 13. f4 Qe8 14. Qe2 Ne3 15.
f5 Nxf1 16. Rxf1 f6 17. a4 d5 18. Qg4 Bd6 19. Rf3 Rb8 20. b4 h5 21. Qh3 Qe5 22.
Be2 Qe8 23. Bd3 g5 24. g4 gxh4 25. Qxh4 Qf7 26. gxh5 Kh8 27. Rh3 Rg8 28. Nf3
Qg7 29. Qf2 dxe4 30. Bxe4 Qg4 31. Rh4 Qg7 32. h6 Qh7 33. Qd4 Be7 34. Ng5 Rxg5
0-1

[Event "4NCL Online Division 5"]
[Site "online"]
[Date "2020.04.14"]
[Round "2.44"]
[White "Patey, Joe"]
[Black "Hasan, Abu"]
[Result "0-1"]
[WhiteElo "1225"]
[BlackElo "1405"]
[PlyCount "40"]
[EventDate "2020.04.14"]
[WhiteTeam "Temple Sutton"]
[BlackTeam "Uxbridge Knights"]

1. d4 c6 2. Bf4 d5 3. e3 Nf6 4. c4 e6 5. Nc3 Qa5 6. Nf3 Ne4 7. Qc2 Nxc3 8. Qxc3
Bb4 9. Qxb4 Qxb4+ 10. Nd2 O-O 11. b3 Nd7 12. Be2 Nf6 13. Bd3 Ne4 14. Bxe4 dxe4
15. c5 b6 16. Bd6 Rd8 17. Bc7 Rd7 18. Bd6 Ba6 19. O-O-O Bd3 20. f3 Qc3# 0-1

[Event "4NCL Online Division 5"]
[Site "online"]
[Date "2020.04.14"]
[Round "2.51"]
[White "Brown, Geoffrey D"]
[Black "Bailey, Adrian"]
[Result "1-0"]
[WhiteElo "1726"]
[BlackElo "1772"]
[PlyCount "65"]
[EventDate "2020.04.14"]
[WhiteTeam "Darnall & Handsworth"]
[BlackTeam "Wirral League Wanderers"]

1. e4 e5 2. Nf3 Nc6 3. Bb5 a6 4. Ba4 Nf6 5. d3 b5 6. Bb3 Bc5 7. c3 O-O 8. Nbd2
d6 9. h3 Ne7 10. Nf1 h6 11. Ng3 Ng6 12. O-O Re8 13. Be3 Bxe3 14. fxe3 c5 15.
Bc2 d5 16. d4 exd4 17. e5 Nxe5 18. Nxe5 Rxe5 19. exd4 Rg5 20. Qd3 g6 21. Qf3
Ne4 22. Qxf7+ Kh8 23. Nxe4 dxe4 24. Bxe4 Bf5 25. Bxf5 gxf5 26. Rxf5 cxd4 27.
Rxg5 Qxg5 28. cxd4 Rg8 29. Qf2 Qh5 30. Re1 Qxh3 31. Qf6+ Rg7 32. Qxg7+ Kxg7 33.
gxh3 1-0

[Event "4NCL Online Division 5"]
[Site "online"]
[Date "2020.04.14"]
[Round "2.52"]
[White "Ray, Hiya"]
[Black "Chatterton, Craig"]
[Result "1-0"]
[WhiteElo "1586"]
[BlackElo "1622"]
[PlyCount "77"]
[EventDate "2020.04.14"]
[WhiteTeam "Wirral League Wanderers"]
[BlackTeam "Darnall & Handsworth"]

1. d4 Nf6 2. c4 g6 3. Nf3 Bg7 4. g3 d6 5. Nc3 O-O 6. Bg2 Nbd7 7. O-O e5 8. e4
exd4 9. Nxd4 c6 10. h3 Re8 11. Re1 Qc7 12. Bf4 Nh5 13. Be3 Ne5 14. Qe2 Rb8 15.
b4 Bd7 16. Rad1 Qc8 17. Nf5 gxf5 18. Qxh5 Re6 19. exf5 Rf6 20. g4 Nxc4 21. Bd4
Ne5 22. Bxe5 dxe5 23. Ne4 Rh6 24. Qg5 f6 25. Qd2 Be8 26. f4 Qc7 27. g5 Rh4 28.
fxe5 Bh5 29. Nxf6+ Bxf6 30. gxf6 Bxd1 31. Qg5+ Kh8 32. Qxh4 Bc2 33. e6 Bxf5 34.
e7 Bg6 35. Qh6 Rg8 36. f7 Bxf7 37. Qf6+ Rg7 38. e8=Q+ Bxe8 39. Rxe8# 1-0

[Event "4NCL Online Division 5"]
[Site "online"]
[Date "2020.04.14"]
[Round "2.53"]
[White "Feather, Harry"]
[Black "Sainbayar, Anuurai"]
[Result "0-1"]
[WhiteElo "1562"]
[BlackElo "1584"]
[PlyCount "52"]
[EventDate "2020.04.14"]
[WhiteTeam "Darnall & Handsworth"]
[BlackTeam "Wirral League Wanderers"]

1. d4 b5 2. Nf3 e6 3. a4 b4 4. Bf4 c5 5. e3 Bb7 6. g3 h6 7. Bxb8 Rxb8 8. Bg2
Nf6 9. O-O cxd4 10. Qxd4 Qb6 11. Qxb6 axb6 12. Nbd2 Be7 13. Rfd1 O-O 14. Nc4
Bd5 15. Nce5 Rfc8 16. Ne1 Bxg2 17. Kxg2 d5 18. b3 Ne4 19. N5f3 Bf6 20. Rac1 Bb2
21. Rb1 Nc3 22. Rxb2 Nxd1 23. Rb1 Nc3 24. Rc1 b5 25. axb5 Nxb5 26. Nd4 Na3 0-1

[Event "4NCL Online Division 5"]
[Site "online"]
[Date "2020.04.14"]
[Round "2.54"]
[White "Campbell, Graeme"]
[Black "Oughton, John M"]
[Result "1/2-1/2"]
[WhiteElo "1015"]
[BlackElo "1127"]
[PlyCount "94"]
[EventDate "2020.04.14"]
[WhiteTeam "Wirral League Wanderers"]
[BlackTeam "Darnall & Handsworth"]

1. Nf3 Nf6 2. d4 e6 3. Bf4 d5 4. e3 Bd6 5. Ne5 O-O 6. Nd2 Nbd7 7. Bd3 Bxe5 8.
Bxe5 Nxe5 9. dxe5 Ne4 10. Nxe4 dxe4 11. Bxe4 Qg5 12. c3 Qxe5 13. Qc2 g6 14. Rd1
Rb8 15. O-O b6 16. Rd2 Bb7 17. Bxb7 Rxb7 18. Rd7 Rbb8 19. Rfd1 a5 20. a3 Rbc8
21. Qa4 Qf6 22. Qc6 Rfd8 23. g3 Rf8 24. Kg2 Kg7 25. Rxc7 Rb8 26. Rb7 Rfd8 27.
Rdd7 Rxb7 28. Qxb7 Rxd7 29. Qxd7 e5 30. Qd3 Qc6+ 31. Kg1 b5 32. b3 Qc5 33. b4
axb4 34. axb4 Qc6 35. e4 h5 36. h4 Qb6 37. Qf3 Qe6 38. Kg2 Qd7 39. Qe2 Kh6 40.
Qe3+ Kg7 41. Qg5 Qc7 42. Qc1 Qc8 43. Qa1 Qc6 44. Qe1 Qc8 45. Qa1 Qc6 46. Qe1
Qc8 47. Qa1 Qc6 1/2-1/2

[Event "4NCL Online Division 5"]
[Site "online"]
[Date "2020.04.14"]
[Round "2.61"]
[White "Porter, Andrew"]
[Black "Dabner, Tom"]
[Result "0-1"]
[WhiteElo "1675"]
[BlackElo "1690"]
[PlyCount "66"]
[EventDate "2020.04.14"]
[WhiteTeam "Bristol University B"]
[BlackTeam "Nottingham University 2"]

1. d4 c5 2. dxc5 e6 3. Nc3 Bxc5 4. Ne4 Qc7 5. a3 d5 6. Nxc5 Qxc5 7. b4 Qe7 8.
Bb2 Nf6 9. Nf3 O-O 10. e3 b6 11. Bd3 Bb7 12. O-O Nbd7 13. Qe2 e5 14. Ba6 Bc8
15. Rfd1 e4 16. Nd4 Bxa6 17. Qxa6 Ne5 18. Ne2 Rfd8 19. Bxe5 Qxe5 20. c4 Ng4 21.
Ng3 d4 22. exd4 Rxd4 23. h3 Nxf2 24. Kxf2 e3+ 25. Kg1 Rxd1+ 26. Rxd1 Qxg3 27.
c5 Qf2+ 28. Kh1 e2 29. Rg1 Qxg1+ 30. Kxg1 e1=Q+ 31. Kh2 bxc5 32. Qc6 Qe5+ 33.
Kh1 Rd8 0-1

[Event "4NCL Online Division 5"]
[Site "online"]
[Date "2020.04.14"]
[Round "2.62"]
[White "Kuralla, Kaushik"]
[Black "Jina, Asha"]
[Result "0-1"]
[WhiteElo "1585"]
[BlackElo "1600"]
[PlyCount "100"]
[EventDate "2020.04.14"]
[WhiteTeam "Nottingham University 2"]
[BlackTeam "Bristol University B"]

1. d4 Nf6 2. c4 g6 3. Nf3 d6 4. Nc3 Bg7 5. e3 O-O 6. Bd3 Nc6 7. h3 e5 8. O-O
Nh5 9. d5 Ne7 10. Qc2 f5 11. e4 f4 12. Be2 Nf6 13. b4 b6 14. c5 bxc5 15. bxc5
dxc5 16. Nxe5 Nfxd5 17. Bc4 Bxe5 18. Nxd5 Kh8 19. Rb1 Be6 20. Bb2 Nc6 21. Bxe5+
Nxe5 22. Qc3 Qd6 23. Rfd1 Bd7 24. Nb6 Qf6 25. Nxd7 Nxd7 26. Qxf6+ Nxf6 27. f3
Rfd8 28. Rxd8+ Rxd8 29. Rb7 Rd4 30. Bb3 c4 31. Ba4 c3 32. Bb3 c5 33. Rc7 c4 34.
Ba4 a6 35. Kf1 Nd7 36. Ke1 Ne5 37. Rc8+ Kg7 38. Rc7+ Kh6 39. Rb7 Rd2 40. Rb1
Rxg2 41. Kf1 Rxa2 42. Be8 c2 43. Rc1 Nd3 44. Rxc2 Rxc2 45. Ba4 Ra2 46. Bd1 c3
47. Bb3 Rb2 48. Bd1 c2 49. Bxc2 Rxc2 50. Kg1 a5 0-1

[Event "4NCL Online Division 5"]
[Site "online"]
[Date "2020.04.14"]
[Round "2.63"]
[White "Skalski, Sebastian"]
[Black "Litherland, Jack"]
[Result "0-1"]
[WhiteElo "1450"]
[BlackElo "1300"]
[PlyCount "96"]
[EventDate "2020.04.14"]
[WhiteTeam "Bristol University B"]
[BlackTeam "Nottingham University 2"]

1. e4 e5 2. Nf3 Nc6 3. Bc4 Nf6 4. Ng5 Bc5 5. Bxf7+ Ke7 6. Bb3 Rf8 7. O-O d6 8.
Nc3 Nd4 9. d3 h6 10. Nd5+ Nxd5 11. Bxd5 hxg5 12. Bxg5+ Rf6 13. Bxf6+ gxf6 14.
Qh5 Be6 15. c3 Bxd5 16. cxd4 Bf7 17. Qf5 Bxd4 18. Kh1 Qh8 19. f4 Rg8 20. Rac1
c6 21. Qh3 Qg7 22. g3 Be6 23. f5 Bxa2 24. Ra1 Bb3 25. Ra3 Bf7 26. b3 Bc5 27.
Raa1 Bxb3 28. Rfb1 Qf7 29. Qg2 b5 30. Rc1 d5 31. Rxc5 Kd6 32. Rac1 Rc8 33. exd5
Bxd5 34. Rxd5+ Qxd5 35. Qxd5+ Kxd5 36. h4 a5 37. Kg2 a4 38. h5 b4 39. Kf3 b3
40. Ra1 Ra8 41. h6 b2 42. Rh1 a3 43. h7 Rh8 44. Ke2 Rxh7 45. Rxh7 b1=Q 46. Ke3
Qb6+ 47. Kd2 a2 48. Rd7+ Kc5 0-1

[Event "4NCL Online Division 5"]
[Site "online"]
[Date "2020.04.14"]
[Round "2.71"]
[White "Ball, Matthew P"]
[Black "Chung, Ethan Cheung Jing"]
[Result "0-1"]
[WhiteElo "1750"]
[BlackElo "1847"]
[PlyCount "68"]
[EventDate "2020.04.14"]
[WhiteTeam "Doughnuts of Doom"]
[BlackTeam "Young Dragons"]

1. d4 d5 2. Nf3 Nf6 3. Bg5 e6 4. Nbd2 c5 5. e3 Nc6 6. c3 cxd4 7. exd4 Bd6 8.
Bd3 Bd7 9. O-O Qc7 10. Re1 h6 11. Bh4 g5 12. Bg3 Bxg3 13. fxg3 O-O-O 14. b4 g4
15. b5 gxf3 16. bxc6 f2+ 17. Kxf2 Bxc6 18. a4 h5 19. h3 Rdg8 20. Re3 Rg5 21.
Nf1 Rhg8 22. Qe1 Ne4+ 23. Bxe4 dxe4 24. c4 f5 25. d5 f4 26. Rxe4 Qb6+ 27. Ke2
exd5 28. Rb1 Qc5 29. Re6 dxc4 30. Qc3 Qd5 31. Re7 Rxg3 32. Nxg3 Rxg3 33. Qh8+
Rg8 34. Rg7 Rxh8 0-1

[Event "4NCL Online Division 5"]
[Site "online"]
[Date "2020.04.14"]
[Round "2.72"]
[White "Davies, Milo"]
[Black "Smith, David W"]
[Result "0-1"]
[WhiteElo "1420"]
[BlackElo "1727"]
[PlyCount "108"]
[EventDate "2020.04.14"]
[WhiteTeam "Young Dragons"]
[BlackTeam "Doughnuts of Doom"]

1. e4 d6 2. d4 Nf6 3. Nc3 g6 4. f4 Bg7 5. Nf3 O-O 6. h3 b6 7. Be3 c5 8. d5 e6
9. dxe6 fxe6 10. Qd2 Nc6 11. O-O-O Ne8 12. Nb5 d5 13. exd5 exd5 14. Qxd5+ Qxd5
15. Rxd5 Be6 16. Rd2 a6 17. Nd6 Nf6 18. Bc4 Bxc4 19. Nxc4 Rab8 20. Rd6 Nb4 21.
Rxb6 Nfd5 22. Rxb8 Rxb8 23. Bxc5 Nxa2+ 24. Kb1 Nac3+ 25. Ka1 Rc8 26. bxc3 Bxc3+
27. Kb1 Rxc5 28. Nce5 Nxf4 29. g3 Rb5+ 30. Kc1 Ne2+ 31. Kd1 Rb1+ 32. Kxe2 Rxh1
33. h4 Bxe5 34. Nxe5 Rh2+ 35. Kd3 Rg2 36. g4 a5 37. Kc3 Rg3+ 38. Kb2 a4 39. c4
Re3 40. Nd7 Kf7 41. Nb6 a3+ 42. Ka2 Rc3 43. g5 Ke6 44. Kb1 Rb3+ 45. Ka2 Rxb6
46. Kxa3 Kd6 47. Ka4 Kc5 48. Ka5 Rb1 49. Ka6 Kxc4 50. Ka5 Rb2 51. Ka6 Kc5 52.
Ka7 Kc6 53. Ka8 Kc7 54. h5 Ra2# 0-1

[Event "4NCL Online Division 5"]
[Site "online"]
[Date "2020.04.14"]
[Round "2.73"]
[White "Ball, Katie C"]
[Black "Davies, Tom"]
[Result "1-0"]
[WhiteElo "1532"]
[BlackElo "1405"]
[PlyCount "61"]
[EventDate "2020.04.14"]
[WhiteTeam "Doughnuts of Doom"]
[BlackTeam "Young Dragons"]

1. d4 Nf6 2. Bf4 e6 3. Nc3 a6 4. e4 Bb4 5. Qd3 d5 6. O-O-O Bxc3 7. Qxc3 Nxe4 8.
Qe3 O-O 9. Bd3 Nf6 10. Qg3 Nh5 11. Qh3 Nf6 12. g4 h5 13. Bg5 hxg4 14. Qh4 Nbd7
15. Bh7+ Kh8 16. Bf5+ Kg8 17. Bxg4 c6 18. Rd3 Qe8 19. Rh3 Nh5 20. Bxh5 e5 21.
Bg4 f6 22. Qh7+ Kf7 23. Bh5+ Ke6 24. Bxe8 Rxe8 25. Be3 Re7 26. dxe5 Nxe5 27.
Nf3 Kf7 28. Nxe5+ Rxe5 29. Rg3 Ke8 30. Rxg7 Kd8 31. Bb6+ 1-0

[Event "4NCL Online Division 5"]
[Site "online"]
[Date "2020.04.14"]
[Round "2.74"]
[White "Jaberansari, Benjamin"]
[Black "Ball, Charlie"]
[Result "1-0"]
[WhiteElo "1330"]
[BlackElo "1555"]
[PlyCount "63"]
[EventDate "2020.04.14"]
[WhiteTeam "Young Dragons"]
[BlackTeam "Doughnuts of Doom"]

1. e4 d6 2. d4 Nf6 3. Nc3 Nbd7 4. Nf3 e5 5. d5 Be7 6. Bc4 h6 7. O-O c6 8. Re1
Qc7 9. a4 a5 10. h3 Nf8 11. Be3 g5 12. Nh2 Ng6 13. Qf3 Nf4 14. Bxf4 gxf4 15.
Ng4 Bxg4 16. hxg4 Rg8 17. Qh3 Nxg4 18. Be2 Nf6 19. Qxh6 O-O-O 20. Qh3+ Kb8 21.
Ra3 Rh8 22. Qd3 Rh7 23. Rb3 Rdh8 24. f3 b5 25. Rxb5+ cxb5 26. Qxb5+ Kc8 27.
Qa6+ Kd8 28. Qa8+ Kd7 29. Bb5+ Qc6 30. Bxc6+ Kc7 31. Qb7+ Kd8 32. Qb8# 1-0

[Event "4NCL Online Division 5"]
[Site "online"]
[Date "2020.04.14"]
[Round "2.81"]
[White "Moore, Eoin"]
[Black "McGettigan, Andrew"]
[Result "0-1"]
[WhiteElo "1558"]
[BlackElo "1723"]
[PlyCount "50"]
[EventDate "2020.04.14"]
[WhiteTeam "Kent KJCA Kestrels D"]
[BlackTeam "CSC 5"]

1. d4 d5 2. c4 dxc4 3. e4 e5 4. Nf3 exd4 5. Bxc4 Nc6 6. O-O Be6 7. Bb5 Bc5 8.
b4 Bb6 9. a4 a6 10. Bxc6+ bxc6 11. Bb2 Nf6 12. a5 Ba7 13. Nxd4 O-O 14. Nxe6
Qxd1 15. Rxd1 fxe6 16. Nd2 Ng4 17. Nf3 Nxf2 18. Rd7 Nd3+ 19. Bd4 Bxd4+ 20. Rxd4
Nf4 21. Rc4 Rab8 22. Rb1 Rb5 23. Nd4 Rg5 24. Rb2 Nh3+ 25. Kh1 Rf1# 0-1

[Event "4NCL Online Division 5"]
[Site "online"]
[Date "2020.04.14"]
[Round "2.82"]
[White "Mason, Ian"]
[Black "Dorman, Orla"]
[Result "1/2-1/2"]
[WhiteElo "1548"]
[BlackElo "1464"]
[PlyCount "58"]
[EventDate "2020.04.14"]
[WhiteTeam "CSC 5"]
[BlackTeam "Kent KJCA Kestrels D"]

1. d4 Nf6 2. c4 c5 3. d5 b5 4. cxb5 a6 5. b6 d6 6. Nc3 Qxb6 7. e4 Nbd7 8. Nf3
g6 9. Be2 Bg7 10. O-O O-O 11. Qc2 Bb7 12. a4 e6 13. a5 Qc7 14. Bc4 exd5 15.
exd5 Rfe8 16. Bf4 Nh5 17. Bd2 Ne5 18. Nxe5 Bxe5 19. Na4 Nf6 20. Nb6 Rab8 21.
Bc3 Nd7 22. Nxd7 Qxd7 23. Rfe1 Bxc3 24. Qxc3 Re7 25. Rxe7 Qxe7 26. Re1 Qd7 27.
Qd3 Ra8 28. h3 Qc7 29. Qc3 Qd7 1/2-1/2